1986 1657 1976 1702 1471 1590 1279 1389 1784 1722 1876 1354 1773 1373 1151 1938 1450 1336 1345 1707 1104 1332 1200 1670 1780 1766 1648 1241 1089 1049 1660 1378 1581 1535 1753 1744 1540 1241 1798 1726 1303 1233 1611 1372 1088 1941 1409 1859 1033 1917 1636 1645 1736 1917 1797 1110 1132 1052 1818 1444 1847 1655 1704 1245 1908 1524 1821 1720 1053 1089 1278 1952 1544 1155 1429 1268 1983 1531 1437 1423 1938 1890 1115 1315 1246 1020 1606 1937 1976 1512 1690 1681 1705 1359 1989 1487 1730 1685 1987 BCNSPRNW ULIB Ver.6.0+V

เปลี่ยนเป็นภาษาไทย

Change to English
 แสดงรายละเอียดบรรณานุกรม
  กลับหน้าหลัก

Brief Record : Get Marc (ISO 2709) : E-mail record : QR code < ปิดหน้าต่าง
LEADER : 00000nam 2200000uu 4500
001    13399121327
003     ULIB
008    121115s2550||||th 000 0 tha d
020    ^a9789744896698
050 04 ^aTK7885^bอ568จ
100 0  ^aอัมรินทร์ เพ็ชรกุล
245 10 ^aจัดการอีเมล์ และบริหารเวลา ด้วย Outlook 2007 ฉบับสมบูรณ์ /^cอัมรินทร์ เพ็ชรกุล
246 30 ^aOutlook 2007
260    ^aกรุงเทพฯ :^bซัคเซส มีเดีย,^c2550
300    ^a222 หน้า :^bภาพประกอบ ;^c21 ซม
650  7 ^aMicrosoft Outlook
650  7 ^aโปรแกรมคอมพิวเตอร์
710 1  ^aซัคเซส มีเดีย
945    ^p179^l0^i14828
995    ^aวิภา
999 ^a ทศพร
รายการนี้ยังไม่มีแท็ก
คุณยังไม่ได้ล็อกอิน คุณสามารถมีกิจกรรมร่วมกับเว็บไซต์ได้ แต่ต้องล็อกอินก่อน ::
  ล็อกอิน

รายการสื่อสารสนเทศ

ลำดับที่ ประเภท เลขเรียก/บาร์โค้ด สถานที่ สถานะ
1. วิทยาศาสตร์การแพทย์ และสุขภาพ
วิทยาศาสตร์การแพทย์ และสุขภาพ
TK7885 อ568จ  
  Barcode: 14828
ห้องสมุดวิทยาเขตสวรรค์ประชารักษ์
►หนังสือทั่วไป
บนชั้น

รายการใกล้เคียง
    ผู้แต่ง [อัมรินทร์ เพ็ชรกุล]

    หัวเรื่อง [Microsoft Outlook]
    หัวเรื่อง [โปรแกรมคอมพิวเตอร์]

BibComment


ยังไม่เคยถูกคอมเมนท์

คอมเมนท์ทรัพยากรรายการนี้
  คอมเมนท์: จัดการอีเมล์ และ..


 Copyright 2026. Bcnsprnw @Library